| 000 | 01592nam a2200409 a 4500 | ||
|---|---|---|---|
| 001 | ebr10232876 | ||
| 003 | CaPaEBR | ||
| 006 | m u | ||
| 007 | cr cn||||||||| | ||
| 008 | 071119s2008 njua sb 001 0 eng | ||
| 010 | _z 2007047647 | ||
| 015 |
_aGBA817701 _2bnb |
||
| 016 | 7 |
_z014519392 _2Uk |
|
| 020 | _z9780470118726 (cloth) | ||
| 020 | _z0470118725 (cloth) | ||
| 040 |
_aCaPaEBR _cCaPaEBR |
||
| 035 | _a(OCoLC)608622717 | ||
| 050 | 1 | 4 |
_aHG3751 _b.C32 2008eb |
| 082 | 0 | 4 |
_a332.7 _222 |
| 245 | 0 | 0 |
_aManaging credit risk _h[electronic resource] : _bthe great challenge for global financial markets / _cJohn B. Caouette ... [et al.]. |
| 250 | _a2nd ed. | ||
| 260 |
_aHoboken, N.J. : _bWiley, _cc2008. |
||
| 300 |
_axxvi, 627 p. : _bill. |
||
| 490 | 1 | _aWiley finance series | |
| 500 | _aRev. ed. of: Managing credit risk / John B. Caouette, Edward I. Altman, Paul Narayanan. c1998. | ||
| 504 | _aIncludes bibliographical references and index. | ||
| 533 |
_aElectronic reproduction. _bPalo Alto, Calif. : _cebrary, _d2013. _nAvailable via World Wide Web. _nAccess may be limited to ebrary affiliated libraries. |
||
| 650 | 0 |
_aCredit _xManagement. |
|
| 650 | 0 | _aRisk management. | |
| 650 | 0 | _aDerivative securities. | |
| 655 | 7 |
_aElectronic books. _2local |
|
| 700 | 1 |
_aCaouette, John B., _d1944- |
|
| 700 | 1 |
_aCaouette, John B., _d1944- _tManaging credit risk. |
|
| 710 | 2 | _aebrary, Inc. | |
| 830 | 0 | _aWiley finance series. | |
| 856 | 4 | 0 |
_uhttp://site.ebrary.com/lib/rucke/Doc?id=10232876 _zAn electronic book accessible through the World Wide Web; click to view |
| 999 |
_c37984 _d37984 |
||